[Event "Championnat de France - Accession"]
[Site "PAU"]
[Date "2012.08.23"]
[Round "9.3"]
[White "Crut, Aurelien"]
[Black "Le Roux, Jean-Pierre"]
[Result "0-1"]
[WhiteElo "2336"]
[BlackElo "2558"]
[PlyCount "138"]

1. e4 e5 2. Nf3 Nc6 3. Bc4 Bc5 4. d3 Nf6 5. Nc3 a6 6. Bg5 h6 7. Bxf6 Qxf6 8.
Nd5 Qd8 9. c3 Ba7 10. d4 O-O 11. Nxe5 Nxe5 12. dxe5 Qg5 13. Qf3 Qxe5 14. O-O d6
15. Bb3 c6 16. Ne3 Be6 17. Rad1 Rad8 18. Rfe1 Rfe8 19. Nf5 Bc5 20. h3 Rd7 21.
Qg3 Qf6 22. Bxe6 Rxe6 23. Nd4 Re5 24. Qf3 Qg6 25. Qg4 Qxg4 26. hxg4 Rg5 27. f3
d5 28. Kf1 dxe4 29. Rxe4 Rgd5 30. Ke2 g6 31. Rd3 Kg7 32. Rde3 Bxd4 33. Rxd4
Rxd4 34. cxd4 Rxd4 35. Re7 b5 36. Rc7 Ra4 37. a3 b4 38. axb4 Rxb4 39. Rxc6
Rxb2+ 40. Kf1 a5 41. Ra6 Ra2 42. Kg1 a4 43. Kh2 a3 44. Kg3 Ra1 45. Kf4 a2 46.
Kg3 h5 47. gxh5 gxh5 48. Kh2 h4 49. g3 hxg3+ 50. Kg2 f6 51. Ra8 Kg6 52. Ra5 f5
53. Ra8 Kf6 54. Ra5 Ke6 55. Ra6+ Ke5 56. Ra8 Rd1 57. Rxa2 f4 58. Re2+ Kd5 59.
Ra2 Rd4 60. Rc2 Rc4 61. Rd2+ Kc5 62. Rd8 Rc2+ 63. Kg1 Rf2 64. Rd3 Kc4 65. Ra3
Kd4 66. Rb3 Rd2 67. Ra3 Rd3 68. Ra4+ Ke3 69. Kg2 Rd2+ 0-1

[Event "Championnat de France - Accession"]
[Site "PAU"]
[Date "2012.08.23"]
[Round "9.4"]
[White "Naudion, Gregoire"]
[Black "Apicella, Manuel"]
[Result "0-1"]
[WhiteElo "2175"]
[BlackElo "2540"]
[PlyCount "62"]

1. e4 e6 2. d4 d5 3. Nd2 Nf6 4. e5 Nfd7 5. Bd3 c5 6. c3 Nc6 7. Ngf3 g6 8. O-O
Bg7 9. Re1 Qb6 10. dxc5 Nxc5 11. Bf1 O-O 12. Nb3 Na4 13. c4 dxc4 14. Bxc4 Qc7
15. Qe2 Nb6 16. Bb5 a6 17. Bxc6 Qxc6 18. Bg5 Nd5 19. Rac1 Qb5 20. Qe4 Bd7 21.
Qh4 Rfc8 22. Bf6 Nxf6 23. Rxc8+ Rxc8 24. exf6 Bxf6 25. Ne5 Be8 26. h3 Rd8 27.
Nd4 Qb4 28. Re4 Rxd4 29. Rxd4 Qe1+ 30. Kh2 Qxe5+ 31. Qg3 Bc6 0-1

[Event "Championnat de France - Accession"]
[Site "PAU"]
[Date "2012.08.23"]
[Round "9.5"]
[White "Joie, Sebastien"]
[Black "Libiszewski, Fabien"]
[Result "1/2-1/2"]
[WhiteElo "2286"]
[BlackElo "2488"]
[PlyCount "81"]

1. Nf3 Nf6 2. c4 g6 3. b3 Bg7 4. Bb2 O-O 5. g3 c6 6. Bg2 d5 7. O-O Bg4 8. d3
Nbd7 9. Nbd2 a5 10. h3 Bxf3 11. Nxf3 e6 12. Qc2 Ne8 13. Rac1 Bxb2 14. Qxb2 Qf6
15. Qxf6 Nexf6 16. cxd5 exd5 17. Nd4 Rfe8 18. e3 Nf8 19. a3 Ne6 20. Nxe6 Rxe6
21. d4 Ne8 22. Rfd1 Nd6 23. Bf1 Ree8 24. Bd3 Kf8 25. h4 h5 26. Rc2 Ke7 27. f3
Kd7 28. Kf2 a4 29. b4 b5 30. Re1 Re7 31. Rce2 Nc4 32. Bxc4 dxc4 33. e4 Kd6 34.
Rc2 Rae8 35. Ke3 f5 36. e5+ Kd5 37. f4 Re6 38. Rd1 R6e7 39. Re1 Re6 40. Rd1
R6e7 41. Re1 1/2-1/2

[Event "Championnat de France - Accession"]
[Site "PAU"]
[Date "2012.08.23"]
[Round "9.6"]
[White "Wirig, Anthony"]
[Black "Ider, Borya"]
[Result "1-0"]
[WhiteElo "2450"]
[BlackElo "2407"]
[PlyCount "61"]

1. Nf3 e6 2. g3 Nf6 3. Bg2 d5 4. O-O c5 5. c4 dxc4 6. Na3 a6 7. Nxc4 b5 8. Nce5
Nd5 9. d4 f6 10. Nd3 c4 11. e4 cxd3 12. exd5 exd5 13. Ne5 Bf5 14. Nxd3 g5 15.
Re1+ Be7 16. Nb4 Be4 17. Qh5+ Kf8 18. Qh6+ Kf7 19. Nxd5 Bxd5 20. Bxd5+ Qxd5 21.
Rxe7+ Kxe7 22. Qg7+ Ke6 23. Qxh8 Nd7 24. Qxh7 Qxd4 25. Be3 Qxb2 26. Rd1 Ne5 27.
Qe4 Rc8 28. Qd5+ Kf5 29. Bd4 Qe2 30. Bxe5 fxe5 31. Qf7+ 1-0

[Event "Championnat de France - Accession"]
[Site "PAU"]
[Date "2012.08.23"]
[Round "9.7"]
[White "Bujisho, Benjamin"]
[Black "Favarel, Antoine"]
[Result "1-0"]
[WhiteElo "2390"]
[BlackElo "2283"]
[PlyCount "95"]

1. e4 c5 2. Nf3 Nc6 3. Bb5 d6 4. O-O Bd7 5. Re1 Nf6 6. h3 Ne5 7. Bxd7+ Nfxd7 8.
Nxe5 dxe5 9. d3 g6 10. Be3 Bg7 11. Qd2 O-O 12. a3 b6 13. b4 Qc7 14. b5 Rfd8 15.
Qc3 Nf8 16. Nd2 Ne6 17. Nc4 f5 18. f3 fxe4 19. dxe4 Nd4 20. a4 Rf8 21. Nd2 Qd7
22. Qc4+ Kh8 23. Red1 Rf6 24. Rdb1 Rd6 25. Ra2 Rf8 26. Qf1 Rdf6 27. c3 Ne6 28.
Nc4 Nf4 29. Bxf4 exf4 30. Rd1 Qe6 31. Rd5 g5 32. Rad2 Rg6 33. Rd8 h5 34. Rxf8+
Bxf8 35. Rd5 Bg7 36. Qd3 Qf6 37. Ne5 Rh6 38. Nc6 Qxc3 39. Qxc3 Bxc3 40. Nxe7
Re6 41. Nc6 Bf6 42. Nxa7 Re8 43. Nc6 c4 44. Kf1 c3 45. Ke2 Ra8 46. e5 Bg7 47.
Rd8+ Rxd8 48. Nxd8 1-0

[Event "Championnat de France - Accession"]
[Site "PAU"]
[Date "2012.08.23"]
[Round "9.9"]
[White "Colin, Vincent"]
[Black "Midoux, Sebastien"]
[Result "1-0"]
[WhiteElo "2391"]
[BlackElo "2324"]
[PlyCount "71"]

1. d4 Nf6 2. c4 e6 3. Nf3 d5 4. Nc3 Be7 5. Bf4 c5 6. dxc5 Bxc5 7. e3 O-O 8. Qc2
Qa5 9. Rd1 Nc6 10. a3 Rd8 11. Nd2 dxc4 12. Bxc4 Be7 13. O-O Rd7 14. Bb5 Qd8 15.
Nf3 Rxd1 16. Rxd1 Qf8 17. Bg5 h6 18. Bxf6 gxf6 19. Nd4 Ne5 20. f4 Ng4 21. Qe4
f5 22. Qf3 Nf6 23. Ba4 a6 24. e4 fxe4 25. Nxe4 Qg7 26. Kh1 Nd5 27. Bb3 Nxf4 28.
Qxf4 e5 29. Bxf7+ Qxf7 30. Qxe5 Bg4 31. Qg3 Qg7 32. Rd3 Rd8 33. h3 Bc8 34. Qc7
Bh4 35. Rg3 Qxg3 36. Nxg3 1-0

[Event "Championnat de France - Accession"]
[Site "PAU"]
[Date "2012.08.23"]
[Round "9.10"]
[White "Song, Julien"]
[Black "Favarel, Julien"]
[Result "0-1"]
[WhiteElo "2383"]
[BlackElo "2270"]
[Annotator "Rivier,Sylvain"]
[PlyCount "109"]

1. d4 Nf6 2. Nf3 d5 3. c4 e6 4. g3 dxc4 5. Bg2 Bb4+ 6. Bd2 a5 7. O-O O-O 8. Qc2
Bxd2 9. Nbxd2 b5 10. a4 c6 11. b3 cxb3 12. Nxb3 b4 13. e4 Nbd7 14. Qxc6 Ra6 15.
Qc2 Bb7 16. Nfd2 Qa8 17. Rfc1 Rc8 18. Qd3 Rxc1+ 19. Rxc1 Rc6 20. Nc5 Nxc5 21.
dxc5 e5 22. Qb5 Rc8 23. Nc4 Bc6 24. Qxa5 Qxa5 25. Nxa5 Bxa4 26. Bf1 Bd7 27. Bg2
Bb5 28. f3 Kf8 29. Bf1 Bxf1 30. Kxf1 Ra8 31. Nc4 b3 32. Rb1 Rc8 33. Rxb3 Rxc5
34. Nd6 Nd7 35. Rb7 Ke7 36. Nf5+ Ke6 37. Nxg7+ Ke7 38. Nf5+ Ke6 39. Ng7+ Kf6
40. Ne8+ Ke7 41. Nc7 Rc2 42. Nd5+ Ke6 43. Rc7 Rxc7 44. Nxc7+ Kd6 45. Ne8+ Ke7
46. Ng7 Kf6 47. Nf5 Nc5 48. Ke2 Ne6 49. Kf2 Nc5 50. Ne3 Nb3 51. Nd5+ Ke6 52. g4
Nd4 53. g5 Nb5 54. Kg3 Nd4 55. Kg4 {suite illisible} 0-1

[Event "Championnat de France - Accession"]
[Site "PAU"]
[Date "2012.08.24"]
[Round "10.1"]
[White "Battaglini, Gabriel"]
[Black "Le Roux, Jean-Pierre"]
[Result "0-1"]
[WhiteElo "2398"]
[BlackElo "2558"]
[PlyCount "120"]

1. e4 e5 2. Nf3 Nc6 3. Bc4 Bc5 4. c3 Nf6 5. d3 a6 6. Bb3 d6 7. Nbd2 O-O 8. Nf1
Be6 9. Ng3 Ba7 10. O-O h6 11. h3 d5 12. Qe2 Re8 13. Rd1 Qd7 14. Kh2 Rad8 15.
Bc2 Qe7 16. Be3 d4 17. Bd2 b5 18. a4 Nd7 19. b4 Bb6 20. Rab1 dxc3 21. Bxc3 Qd6
22. axb5 axb5 23. d4 exd4 24. Qxb5 Nde5 25. Nxe5 Nxe5 26. f4 Bc4 27. fxe5 Qe6
28. Qa4 dxc3 29. b5 Bf2 30. Nh5 Qxe5+ 31. Kh1 Rxd1+ 32. Rxd1 Qxb5 33. Qa3 Qb2
34. Qa4 Bb5 35. Qb3 Qxb3 36. Bxb3 Rxe4 37. Rd8+ Re8 38. Rxe8+ Bxe8 39. Nf4 Kf8
40. Nd5 Bd4 41. Nxc7 Bc6 42. Na6 Ke7 43. Nb4 Be4 44. Kh2 f5 45. Kg3 g5 46. h4
Be5+ 47. Kf2 Bd4+ 48. Kg3 Kf6 49. hxg5+ hxg5 50. Bc2 f4+ 51. Kh3 Bf5+ 52. g4
Bd7 53. Kg2 Bxg4 54. Be4 Bd1 55. Nc2 Bc5 56. Ne1 g4 57. Kf1 f3 58. Nd3 Be2+ 59.
Ke1 Be3 60. Bd5 g3 0-1

[Event "Championnat de France - Accession"]
[Site "PAU"]
[Date "2012.08.24"]
[Round "10.2"]
[White "Prie, Eric"]
[Black "Gozzoli, Yannick"]
[Result "1-0"]
[WhiteElo "2516"]
[BlackElo "2534"]
[PlyCount "65"]

1. d4 Nf6 2. Bf4 e6 3. e3 d5 4. Nd2 c5 5. c3 Nc6 6. Ngf3 Bd6 7. Bg3 Qe7 8. Ne5
Nd7 9. Bb5 Bxe5 10. dxe5 O-O 11. f4 c4 12. Ba4 f5 13. Nf3 Nc5 14. Bh4 Qe8 15.
Bc2 Bd7 16. Rg1 Kh8 17. g4 fxg4 18. Ng5 Qh5 19. Qxg4 Qxg4 20. Rxg4 Nd3+ 21.
Bxd3 cxd3 22. Kd2 h6 23. Nf3 Be8 24. Rag1 Bh5 25. Rxg7 Bxf3 26. R7g6 Kh7 27.
Bf6 Rxf6 28. Rxf6 Be4 29. Rxe6 Rd8 30. Rf6 Rd7 31. e6 Re7 32. Rg3 b5 33. b3 1-0

[Event "Championnat de France - Accession"]
[Site "PAU"]
[Date "2012.08.24"]
[Round "10.3"]
[White "Apicella, Manuel"]
[Black "Wirig, Anthony"]
[Result "0-1"]
[WhiteElo "2540"]
[BlackElo "2450"]
[PlyCount "80"]

1. e4 c5 2. Nf3 d6 3. d4 cxd4 4. Nxd4 Nf6 5. Nc3 a6 6. Be2 e5 7. Nb3 Be7 8. O-O
Be6 9. a4 Nbd7 10. Re1 Rc8 11. Bf3 Qc7 12. Nd2 g5 13. Nf1 g4 14. Be2 Qc6 15.
Bd3 h5 16. Bg5 Rg8 17. Qd2 Qb6 18. Be3 Qc6 19. a5 d5 20. exd5 Nxd5 21. Nxd5
Bxd5 22. Rad1 Be6 23. Bh6 h4 24. Be4 Qc7 25. Ne3 Nf6 26. Bf5 Rd8 27. Qe2 Rxd1
28. Rxd1 Qxa5 29. Bxe6 fxe6 30. Nc4 Qb5 31. b3 e4 32. Qe3 g3 33. h3 gxf2+ 34.
Qxf2 Qh5 35. Qd2 Nd5 36. Rf1 b5 37. Qa5 Bc5+ 38. Be3 Nxe3 39. Qc7 Nxf1+ 40. Kh1
Ng3+ 0-1

[Event "Championnat de France - Accession"]
[Site "PAU"]
[Date "2012.08.24"]
[Round "10.4"]
[White "Bricard, Emmanuel"]
[Black "Di Nicolantonio, Lucas"]
[Result "1-0"]
[WhiteElo "2489"]
[BlackElo "2319"]
[PlyCount "55"]

1. e4 c5 2. d3 Nc6 3. g3 g6 4. Bg2 Bg7 5. f4 d6 6. Nf3 e5 7. Nc3 Nge7 8. O-O
O-O 9. Be3 Nd4 10. Qd2 Rb8 11. a3 Bg4 12. Nh4 exf4 13. Bxf4 Qd7 14. Rf2 b5 15.
Bh6 a5 16. Bxg7 Kxg7 17. b4 axb4 18. axb4 cxb4 19. Nd5 Nxd5 20. exd5 Ra8 21.
Rxa8 Rxa8 22. h3 Ne2+ 23. Kh2 Qa7 24. Rf1 Qd4 25. hxg4 Qxg4 26. Qe3 Re8 27. Qf2
Qd7 28. Re1 1-0

[Event "Championnat de France - Accession"]
[Site "PAU"]
[Date "2012.08.24"]
[Round "10.5"]
[White "Libiszewski, Fabien"]
[Black "Bujisho, Benjamin"]
[Result "1-0"]
[WhiteElo "2488"]
[BlackElo "2390"]
[PlyCount "92"]

1. e4 e5 2. Nf3 Nc6 3. Bb5 a6 4. Ba4 Nf6 5. O-O Be7 6. d3 b5 7. Bb3 O-O 8. a4
Rb8 9. Nc3 d6 10. axb5 axb5 11. Nd5 Bg4 12. c3 Qd7 13. h3 Bh5 14. Ra6 Bd8 15.
Be3 Kh8 16. Re1 Qe8 17. Kh2 Nxd5 18. Bxd5 Ne7 19. Ba7 Nxd5 20. Bxb8 Nf4 21. g4
Qe6 22. Rg1 Bg6 23. Ba7 Qc8 24. Ra3 c5 25. b4 h5 26. bxc5 hxg4 27. hxg4 Bh5 28.
cxd6 Bxg4 29. d7 Bxd7 30. Nxe5 Bc7 31. Bd4 f6 32. Nxd7 Qxd7 33. Rg3 Ne6 34. Qg4
Bxg3+ 35. fxg3 Qe8 36. Ra7 Kg8 37. Be3 Rf7 38. Qh5 Qf8 39. Rxf7 Qxf7 40. Qxb5
g5 41. Kg2 Kh7 42. Qd5 Qe7 43. c4 Ng7 44. c5 Qa7 45. Bf2 Qa4 46. c6 Qc2 1-0

[Event "Championnat de France - Accession"]
[Site "PAU"]
[Date "2012.08.24"]
[Round "10.6"]
[White "Joie, Sebastien"]
[Black "Bailet, Pierre"]
[Result "1/2-1/2"]
[WhiteElo "2286"]
[BlackElo "2423"]
[PlyCount "63"]

1. Nf3 Nf6 2. c4 c5 3. g3 g6 4. b3 Bg7 5. Bb2 O-O 6. Bg2 d6 7. d4 Nc6 8. O-O
Bg4 9. d5 Bxf3 10. Bxf3 Na5 11. Nd2 a6 12. Qc2 b5 13. e4 Rb8 14. Be2 Nd7 15.
Bxg7 Kxg7 16. Qc3+ Kg8 17. f4 Qb6 18. Rae1 bxc4 19. Bxc4 Nxc4 20. Nxc4 Qc7 21.
Na5 Rb5 22. Nc6 Nb8 23. Nd4 Rb4 24. Nc2 Rb5 25. Nd4 Rb7 26. Nc2 Nd7 27. Ne3 Rb4
28. Nc2 Rbb8 29. Ne3 Qb6 30. Nc4 Qa7 31. Ne3 Qb6 32. Nc4 1/2-1/2

[Event "Championnat de France - Accession"]
[Site "PAU"]
[Date "2012.08.24"]
[Round "10.7"]
[White "Favarel, Julien"]
[Black "Colin, Vincent"]
[Result "0-1"]
[WhiteElo "2270"]
[BlackElo "2391"]
[PlyCount "52"]

1. d4 Nf6 2. c4 e6 3. Nc3 Bb4 4. Qc2 d5 5. cxd5 exd5 6. Bg5 h6 7. Bh4 g5 8. Bg3
Ne4 9. e3 Nxg3 10. hxg3 c6 11. Bd3 Be6 12. Nge2 Nd7 13. O-O-O Nf6 14. f3 Qe7
15. Kb1 O-O-O 16. a3 Ba5 17. Rc1 Kb8 18. Rhe1 Bc8 19. e4 dxe4 20. fxe4 Bxc3 21.
bxc3 Qxa3 22. Qa2 Qxa2+ 23. Kxa2 Rhe8 24. e5 Ng4 25. Bc4 f6 26. exf6 Nxf6 0-1

[Event "Championnat de France - Accession"]
[Site "PAU"]
[Date "2012.08.24"]
[Round "10.8"]
[White "Ider, Borya"]
[Black "Duboue, Peio"]
[Result "0-1"]
[WhiteElo "2407"]
[BlackElo "2189"]
[PlyCount "54"]

1. d4 d5 2. Nf3 Nf6 3. g3 e6 4. Bg2 Be7 5. c4 O-O 6. O-O dxc4 7. Qc2 a6 8. a4
Bd7 9. Rd1 Bc6 10. Nc3 Nd5 11. e4 Nxc3 12. bxc3 b5 13. d5 exd5 14. exd5 Bb7 15.
Nd4 Bc5 16. Bf4 Qc8 17. Nf5 Kh8 18. Re1 Nd7 19. Qd2 Nf6 20. Bh3 Nxd5 21. Re5
Qd8 22. axb5 axb5 23. Rxa8 Bxa8 24. Bg5 f6 25. Nxg7 fxg5 26. Ne6 Rxf2 27. Qe1
Re2+ 0-1

[Event "Championnat de France - Accession"]
[Site "PAU"]
[Date "2012.08.24"]
[Round "10.9"]
[White "Favarel, Antoine"]
[Black "Crut, Aurelien"]
[Result "1/2-1/2"]
[WhiteElo "2283"]
[BlackElo "2336"]
[PlyCount "79"]

1. d4 d5 2. c4 e6 3. Nf3 Nf6 4. g3 dxc4 5. Bg2 c6 6. Ne5 Bb4+ 7. Bd2 Be7 8. Be3
Nd5 9. Nxc4 Nxe3 10. fxe3 c5 11. Nc3 cxd4 12. exd4 Nc6 13. e3 O-O 14. O-O Rb8
15. Rc1 Bd7 16. a4 a6 17. Ne4 b5 18. axb5 axb5 19. Ne5 Nxe5 20. dxe5 Rc8 21.
Qd4 Bc6 22. Nd6 Bxd6 23. exd6 Bxg2 24. Kxg2 Qd7 25. e4 f6 26. e5 fxe5 27. Rxf8+
Rxf8 28. Qxe5 Rf5 29. Rc7 Rxe5 30. Rxd7 Rd5 31. Kf3 h5 32. Rb7 Rxd6 33. Rxb5
Rd2 34. Rxh5 Rxb2 35. h4 Kf7 36. Rg5 Rb3+ 37. Kf4 Rb4+ 38. Kf3 Rb3+ 39. Kf4
Rb4+ 40. Kf3 1/2-1/2

[Event "Championnat de France - Accession"]
[Site "PAU"]
[Date "2012.08.24"]
[Round "10.10"]
[White "Naudion, Gregoire"]
[Black "Saada, Julien"]
[Result "1/2-1/2"]
[WhiteElo "2175"]
[BlackElo "2325"]
[PlyCount "91"]

1. e4 c6 2. d4 d5 3. exd5 cxd5 4. c4 Nf6 5. Nc3 g6 6. cxd5 Nxd5 7. Bc4 Nb6 8.
Bb3 Bg7 9. Nf3 O-O 10. h3 Nc6 11. d5 Na5 12. O-O Nxb3 13. Qxb3 Bxc3 14. bxc3
Qxd5 15. Rd1 Qxb3 16. axb3 Bf5 17. Nd4 Rfd8 18. Re1 Rd7 19. Nxf5 gxf5 20. Ra5
e6 21. g4 fxg4 22. Rg5+ Kh8 23. c4 f6 24. Rxg4 Rg8 25. c5 Nc8 26. Rxe6 Re7 27.
Rxe7 Nxe7 28. Bb2 Nd5 29. Kf1 Rxg4 30. hxg4 Kg8 31. Ke2 Kf7 32. Kd3 Ke6 33. Ke4
Ne7 34. f3 a6 35. Bc3 f5+ 36. Kd4 fxg4 37. fxg4 Nd5 38. Bd2 Nf6 39. g5 Nd5 40.
Ke4 Ne7 41. Be1 Nc6 42. Bc3 Nd8 43. Bd2 Nc6 44. Bc3 Nd8 45. Bd2 Nc6 46. Bc3
1/2-1/2

[Event "Championnat de France - Accession"]
[Site "PAU"]
[Date "2012.08.25"]
[Round "11.1"]
[White "Le Roux, Jean-Pierre"]
[Black "Prie, Eric"]
[Result "1-0"]
[WhiteElo "2558"]
[BlackElo "2516"]
[PlyCount "91"]

1. d4 Nf6 2. Nf3 c5 3. d5 b5 4. Bg5 d6 5. Bxf6 exf6 6. e4 a6 7. a4 b4 8. c3 a5
9. Bb5+ Nd7 10. Nbd2 Be7 11. O-O O-O 12. Nc4 Ne5 13. Nfd2 f5 14. Nxe5 dxe5 15.
Nc4 fxe4 16. d6 Bf6 17. d7 Bb7 18. Qd6 Be7 19. Qxe5 Bf6 20. Qxc5 bxc3 21. bxc3
Bxc3 22. Rac1 Bb4 23. Qd4 Qg5 24. Ne3 Rad8 25. Rc7 Ba8 26. Rd1 f5 27. Qe5 Qg6
28. Qf4 Qf6 29. h4 h6 30. h5 Kh7 31. g3 Qf7 32. Be2 Qa2 33. Bc4 Qxa4 34. Be6
Bc6 35. Bxf5+ Kh8 36. Rc8 Be7 37. Rxd8 Bxd8 38. Qd6 Rf6 39. Qb8 Rf8 40. Qd6 Rf6
41. Qe5 Qb4 42. Ng4 Rf8 43. Qe6 e3 44. Nxe3 Rf6 45. Qe8+ Qf8 46. Rd6 1-0

[Event "Championnat de France - Accession"]
[Site "PAU"]
[Date "2012.08.25"]
[Round "11.2"]
[White "Wirig, Anthony"]
[Black "Bricard, Emmanuel"]
[Result "1/2-1/2"]
[WhiteElo "2450"]
[BlackElo "2489"]
[PlyCount "37"]

1. d4 e6 2. Nf3 f5 3. g3 Nf6 4. Bg2 d5 5. c4 c6 6. O-O Be7 7. Nbd2 b6 8. Ne5
O-O 9. Ndf3 Ne4 10. Be3 Bb7 11. Qa4 a6 12. Qb3 a5 13. Nd3 Na6 14. a3 Rb8 15.
Nf4 Rf6 16. Nh5 Rf8 17. Nf4 Rf6 18. Nh5 Rf8 19. Nf4 1/2-1/2

[Event "Championnat de France - Accession"]
[Site "PAU"]
[Date "2012.08.25"]
[Round "11.3"]
[White "Gozzoli, Yannick"]
[Black "Libiszewski, Fabien"]
[Result "1/2-1/2"]
[WhiteElo "2534"]
[BlackElo "2488"]
[PlyCount "41"]

1. d4 Nf6 2. c4 g6 3. Nc3 d5 4. Bg5 Ne4 5. Bh4 Nxc3 6. bxc3 dxc4 7. Qa4+ Qd7 8.
Qxc4 Bg7 9. Nf3 O-O 10. Bg3 Nc6 11. e3 b6 12. Be2 Bb7 13. O-O Rfd8 14. Rfd1
Rac8 15. Rac1 Na5 16. Qb4 Qe8 17. Bb5 Bc6 18. Ba6 Bb7 19. Bb5 Bc6 20. Ba6 Bb7
21. Bb5 1/2-1/2

[Event "Championnat de France - Accession"]
[Site "PAU"]
[Date "2012.08.25"]
[Round "11.4"]
[White "Colin, Vincent"]
[Black "Battaglini, Gabriel"]
[Result "1-0"]
[WhiteElo "2391"]
[BlackElo "2398"]
[PlyCount "101"]

1. d4 Nf6 2. c4 c5 3. d5 e6 4. Nc3 exd5 5. cxd5 d6 6. e4 g6 7. Nge2 Bg7 8. Ng3
O-O 9. Be2 Re8 10. O-O a6 11. a4 h5 12. f3 Nbd7 13. Bf4 h4 14. Nh1 Nh5 15. Be3
f5 16. Qd2 Ne5 17. Nf2 Nf7 18. exf5 gxf5 19. f4 Nf6 20. Rfe1 Bd7 21. a5 Nh6 22.
h3 Qe7 23. Bf3 Qf7 24. Rab1 Re7 25. b4 cxb4 26. Rxb4 Rae8 27. Rxb7 Nh5 28. Bxh5
Qxh5 29. Rbb1 Kh7 30. Bb6 Ng8 31. Rxe7 Nxe7 32. Bd4 Rg8 33. Rb7 Bxd4 34. Qxd4
Qg6 35. Ng4 fxg4 36. Rxd7 Rg7 37. Ne4 gxh3 38. Ng5+ Kh6 39. Rxe7 Rxe7 40. Qh8+
Rh7 41. Qxh7+ Qxh7 42. Nxh7 Kxh7 43. gxh3 Kg7 44. Kg2 Kf6 45. Kf3 Kf5 46. Ke3
Kf6 47. Ke4 Kg6 48. f5+ Kg5 49. f6 Kxf6 50. Kf4 Kg6 51. Kg4 1-0

[Event "Championnat de France - Accession"]
[Site "PAU"]
[Date "2012.08.25"]
[Round "11.5"]
[White "Bailet, Pierre"]
[Black "Apicella, Manuel"]
[Result "1/2-1/2"]
[WhiteElo "2423"]
[BlackElo "2540"]
[PlyCount "42"]

1. e4 e6 2. d4 d5 3. Nc3 Bb4 4. Bd3 dxe4 5. Bxe4 Nf6 6. Bf3 O-O 7. Nge2 e5 8.
O-O Nbd7 9. Bg5 Be7 10. Ng3 h6 11. Be3 exd4 12. Bxd4 c5 13. Be3 Ne5 14. Re1
Nxf3+ 15. Qxf3 Bg4 16. Qxb7 Rb8 17. Qxa7 Ra8 18. Qb7 Rb8 19. Qa7 Ra8 20. Qb7
Rb8 21. Qa7 Ra8 1/2-1/2

[Event "Championnat de France - Accession"]
[Site "PAU"]
[Date "2012.08.25"]
[Round "11.6"]
[White "Duboue, Peio"]
[Black "Joie, Sebastien"]
[Result "1/2-1/2"]
[WhiteElo "2189"]
[BlackElo "2286"]
[PlyCount "40"]

1. e4 e5 2. Nf3 Nc6 3. Bc4 Nf6 4. d3 Bc5 5. O-O a6 6. c3 Ba7 7. Bb3 d6 8. Re1
h6 9. Nbd2 O-O 10. Nf1 Be6 11. Bc2 d5 12. exd5 Nxd5 13. Ng3 Re8 14. h3 b5 15.
a3 Rb8 16. Qd2 Qf6 17. Ne4 Qe7 18. Ng3 Qf6 19. Ne4 Qe7 20. Ng3 Qf6 1/2-1/2

[Event "Championnat de France - Accession"]
[Site "PAU"]
[Date "2012.08.25"]
[Round "11.7"]
[White "Benitah, Yohan"]
[Black "Grimberg, Gilbert"]
[Result "1-0"]
[WhiteElo "2408"]
[BlackElo "2295"]
[PlyCount "143"]

1. d4 Nf6 2. c4 c5 3. d5 e5 4. Nc3 d6 5. e4 Nbd7 6. Nf3 Be7 7. h3 Nf8 8. Be3
Ng6 9. Qd2 a6 10. a4 h5 11. g3 b6 12. Rb1 Rb8 13. Bg2 Bd7 14. b4 a5 15. bxc5
bxc5 16. Rxb8 Qxb8 17. Qc2 Kf8 18. h4 Ne8 19. Nb5 Bd8 20. Nd2 Kg8 21. Nb3 Ne7
22. Bd2 Qa8 23. Qc3 Nc8 24. O-O Nc7 25. Nxa5 Na6 26. Nb3 Nb4 27. Ra1 Qb8 28.
Be3 Na6 29. Nc1 Nb4 30. Nd3 Ba5 31. Nxb4 Bxb4 32. Qc2 Kh7 33. Bf1 Ba5 34. Bd2
Qa8 35. Qd1 g6 36. Qe1 Bxd2 37. Qxd2 Qa6 38. Qg5 Kg7 39. a5 Na7 40. Rb1 Nxb5
41. cxb5 Qxa5 42. Qe7 Qa2 43. Re1 Qa5 44. Re3 Bxb5 45. Bxb5 Qxb5 46. Qxd6 Qb8
47. Qxc5 Rc8 48. Qe7 Qc7 49. Qxc7 Rxc7 50. Kg2 Kf8 51. Ra3 Rc4 52. Kf3 Rd4 53.
Ke3 f5 54. exf5 gxf5 55. Rd3 f4+ 56. Ke2 Re4+ 57. Kf3 Rc4 58. Rd2 fxg3 59. fxg3
Rc3+ 60. Ke4 Rxg3 61. Kxe5 Ke7 62. Rd4 Kd7 63. Rf4 Re3+ 64. Kf6 Rh3 65. Kg5 Kd6
66. Rf5 Rg3+ 67. Kxh5 Rg8 68. Kh6 Rh8+ 69. Kg5 Rg8+ 70. Kf6 Rg1 71. h5 Rh1 72.
Kg6 1-0

[Event "Championnat de France - Accession"]
[Site "PAU"]
[Date "2012.08.25"]
[Round "11.8"]
[White "Bujisho, Benjamin"]
[Black "Favarel, Julien"]
[Result "1/2-1/2"]
[WhiteElo "2390"]
[BlackElo "2270"]
[PlyCount "114"]

1. d4 Nf6 2. c4 e6 3. Nf3 d5 4. e3 Nbd7 5. Bd3 Be7 6. O-O O-O 7. b3 c5 8. Bb2
b6 9. Nc3 Bb7 10. Qe2 Ne4 11. Rfd1 cxd4 12. exd4 Nxc3 13. Bxc3 Bf6 14. Rac1 Re8
15. Bb2 Rc8 16. h3 h6 17. Qe3 dxc4 18. bxc4 Qc7 19. Re1 Qd6 20. Ba3 Qb8 21. Be4
Qa8 22. Bxb7 Qxb7 23. Bd6 Qc6 24. Bf4 Qa4 25. Qb3 Qxb3 26. axb3 Nb8 27. d5 exd5
28. Rxe8+ Rxe8 29. cxd5 Na6 30. Rd1 Rd8 31. d6 Nc5 32. b4 Ne6 33. Bg3 a5 34.
bxa5 bxa5 35. Be5 a4 36. Bxf6 gxf6 37. Ra1 Rxd6 38. Rxa4 Rd5 39. Kh2 Kg7 40.
Nh4 f5 41. f4 Kf6 42. Nf3 Rc5 43. Kg3 Rc2 44. Ra7 Rc7 45. Rxc7 Nxc7 46. Kf2 Nd5
47. g3 h5 48. Nd4 Nc3 49. Kf3 Kg6 50. Nb3 Ne4 51. g4 hxg4+ 52. hxg4 Nd6 53. g5
f6 54. gxf6 Kxf6 55. Nd4 Ne4 56. Nxf5 Kxf5 57. Ke2 Kxf4 1/2-1/2

[Event "Championnat de France - Accession"]
[Site "PAU"]
[Date "2012.08.25"]
[Round "11.9"]
[White "Barbot, Pierre"]
[Black "Song, Julien"]
[Result "1/2-1/2"]
[WhiteElo "2277"]
[BlackElo "2383"]
[PlyCount "75"]

1. d4 d5 2. c4 c6 3. Nc3 Nf6 4. cxd5 cxd5 5. Bf4 a6 6. Nf3 Nc6 7. e3 Bf5 8. a3
e6 9. Bd3 Bxd3 10. Qxd3 Bd6 11. Bxd6 Qxd6 12. O-O O-O 13. Rac1 e5 14. dxe5 Nxe5
15. Nxe5 Qxe5 16. Qd4 Qxd4 17. exd4 Rac8 18. Rfe1 Rc7 19. f3 Rfc8 20. Ne2 Kf8
21. Rxc7 Rxc7 22. Rc1 Ne8 23. Rxc7 Nxc7 24. Kf2 Ne6 25. Ke3 Ke7 26. Nf4 Kd6 27.
Nxe6 Kxe6 28. g4 g6 29. a4 a5 30. Kd3 f5 31. Kc3 f4 32. b4 b6 33. b5 h5 34. h3
h4 35. Kd3 Kd6 36. Ke2 Ke6 37. Kd3 Kd6 38. Kc3 1/2-1/2